| 000 | 00346nam a2200133 i 4500 | ||
|---|---|---|---|
| 001 | bg | ||
| 100 | 1 | _aJASTRZĘBSKI, Ludwik. | |
| 245 | 1 | 0 |
_aOchrona środowiska w PRL : _bzagadnienia administracyjne / _cLudwik Jastrzębski. |
| 260 |
_aWarszawa, _c1983. |
||
| 040 | _cBPK | ||
| 041 | _apol | ||
| 942 | _cKS | ||
| 008 | s pl f |000 0 pol | ||
| 999 |
_c839 _d839 |
||
| 856 |
_uhttp://koha.tu.koszalin.pl/cgi-bin/koha/opac-detail.pl?biblionumber=839 _yKatalog online BPK |
||